000 00666nam a2200193Ii 4500
003 JO-AjNU
008 230605s9999||||xx |||||||||||||| ||und||
040 _aJO-AjNU
_bara
_erda
_cJO-AjNU
041 _aara
050 1 4 _aBP129.29.T3222 1984
100 3 _aبقلم طباره، عفيف عبد الفتاح,
_eauthor
_939090
245 0 0 _aتفسير جزء تبارك من القرآن الكريم
264 3 1 _aالقاهرة: المؤلف، 1984
300 _a180ص
336 _atext
_btxt
_2rdacontent
337 _aunmediated
_bn
_2rdamedia
338 _avolume
_bnc
_2rdacarrier
650 4 _aجزء تبارك -تفسير - القران الكريم
_939091
999 _aA16480
_c20048
_d20048